000 00723nam a22002177a 4500
005 20250723151244.0
008 250723b |||||||| |||| 00| 0 eng d
020 _a978-964-372-685-0 (hbk)
037 _cTB
040 _aCRL
_cCRL
041 _2PER
_aPER
084 _aΔ73y7E06 164Q6
_bCRL
100 _aKadkani, Mohammad Raza Shafie
_9816331
245 _aMeras Irfani Iran:
_bdarhargaz-o-hamesha insan
260 _aTehran, Iran:
_bSukhan pubishers,
_c2016.
300 _a545p.
365 _b2400.00
_cINR
650 _aMysticism
942 _2CC
_cTB
_hΔ73y7E06 164Q6
_n0
999 _c1434212
_d1434212